[Event "Oberliga Wuerttemberg 1920"]
[Site "Wuerttemberg"]
[Date "2020.01.19"]
[Round "6.5"]
[White "Buschle, Lukas"]
[Black "Lohr, Markus"]
[Result "0-1"]
[WhiteElo "2114"]
[BlackElo "2108"]
[PlyCount "50"]
[EventDate "2019.09.15"]
[EventType "team-tourn"]
[EventRounds "9"]
[EventCountry "GER"]
[SourceTitle "EXT 2021"]
[Source "ChessBase"]
[SourceDate "2020.10.23"]
[SourceVersion "1"]
[SourceVersionDate "2020.10.23"]
[SourceQuality "1"]
[WhiteTeam "Schoenaich II"]
[BlackTeam "Schmiden Cannstatt"]
[WhiteTeamCountry "GER"]
[BlackTeamCountry "GER"]

1. d4 Nf6 2. c4 g6 3. Nc3 d5 4. Nf3 Bg7 5. Bf4 0-0 6. e3 c5 7. dxc5 Ne4 8. Rc1 Nd7 9. cxd5 Qa5 10. Nd4 Nxc3 11. bxc3 Nxc5 12. Bc4 Bd7 13. 0-0 Na4 14. Nb3 Qb6 15. Nd2 Nxc3 16. Qf3 Qa5 17. e4 b5 18. Bb3 Rac8 19. Rfe1 Nxa2 20. Rxc8 Rxc8 21. e5 Rc3 22. Qe2 Nc1 23. Rxc1 Rxc1+ 24. Nf1 Qe1 25. Qd3 Rc3 0-1

[Event "Oberliga Baden 1819"]
[Site "Baden"]
[Date "2018.11.25"]
[Round "3.6"]
[White "Buschle, Lukas"]
[Black "Becker, Matthias1111"]
[Result "0-1"]
[WhiteElo "2132"]
[BlackElo "2283"]
[PlyCount "124"]
[EventDate "2018.10.21"]
[EventType "team-tourn"]
[EventRounds "9"]
[EventCountry "GER"]
[SourceTitle "EXT 2020"]
[Source "ChessBase"]
[SourceDate "2019.10.17"]
[SourceVersion "1"]
[SourceVersionDate "2019.10.17"]
[SourceQuality "1"]
[WhiteTeam "Viernheim II"]
[BlackTeam "Buchen"]
[WhiteTeamCountry "GER"]
[BlackTeamCountry "GER"]

1. d4 g6 2. e4 Bg7 3. Nc3 c6 4. Bc4 d6 5. Nf3 Nf6 6. Bb3 0-0 7. 0-0 d5 8. e5 Ne8 9. h3 f6 10. Re1 Nd7 11. Nb1 fxe5 12. Nxe5 Nxe5 13. dxe5 Nc7 14. Nd2 Ne6 15. c3 Nc5 16. Bc2 Bf5 17. Nf3 Qc7 18. Be3 Bxc2 19. Qxc2 Ne4 20. c4 e6 21. Qb3 Rf7 22. cxd5 exd5 23. e6 Re7 24. Ng5 Qe5 25. Nxe4 dxe4 26. Red1 Qxe6 27. Bc5 Qxb3 28. axb3 Rf7 29. Rxa7 Rxa7 30. Bxa7 Bxb2 31. Rd8+ Kg7 32. Re8 Rd7 33. Rxe4 Bf6 34. Bc5 Kf7 35. g3 Rd5 36. b4 Re5 37. Rc4 Re1+ 38. Kg2 Ke6 39. Kf3 Kd7 40. Rf4 Re6 41. h4 Kc7 42. Re4 Rxe4 43. Kxe4 b6 44. Bf8 Kd7 45. f4 Ke6 46. h5 gxh5 47. f5+ Kd7 48. Bh6 Be7 49. Be3 b5 50. Bd2 Bd6 51. Kf3 Be5 52. Be1 Kd6 53. g4 hxg4+ 54. Kxg4 Bf6 55. Kf4 Kd5 56. Bf2 h5 57. Bc5 h4 58. Kg4 Ke4 59. Bf8 h3 60. Kxh3 Kxf5 61. Kg3 Ke4 62. Kg4 Bc3 0-1

[Event "Baden-ch op"]
[Site "Walldorf"]
[Date "2017.07.29"]
[Round "6"]
[White "Buschle, Lukas"]
[Black "Pitic, Jasmin"]
[Result "0-1"]
[WhiteElo "2071"]
[BlackElo "2069"]
[PlyCount "96"]
[EventDate "2017.07.26"]
[EventType "swiss"]
[EventRounds "7"]
[EventCountry "GER"]
[SourceTitle "CBM 179 Extra"]
[Source "ChessBase"]
[SourceDate "2017.08.23"]
[SourceVersion "1"]
[SourceVersionDate "2017.08.23"]
[SourceQuality "1"]

1. d4 Nf6 2. c4 e6 3. Nc3 Bb4 4. f3 d5 5. a3 Bxc3+ 6. bxc3 0-0 7. e3 b6 8. cxd5 exd5 9. Bd3 Re8 10. Ne2 c5 11. 0-0 Ba6 12. g4 Bxd3 13. Qxd3 c4 14. Qc2 Nc6 15. Ng3 Na5 16. Bd2 Nb3 17. Rae1 h6 18. Kg2 Rc8 19. h4 Nh7 20. Rh1 Rc6 21. e4 Nxd2 22. Qxd2 dxe4 23. Rxe4 Nf6 24. Rxe8+ Qxe8 25. Re1 Re6 26. Rxe6 Qxe6 27. Qe2 Qxe2+ 28. Nxe2 Kf8 29. Kf2 Nd5 30. Ke1 Ke7 31. Kd2 g6 32. Ng3 Ke6 33. a4 f5 34. h5 f4 35. Nf1 gxh5 36. gxh5 Kf5 37. Nh2 Kg5 38. Ng4 Kxh5 39. Ne5 Ne3 40. d5 Nxd5 41. Nxc4 Kh4 42. Nd6 h5 43. c4 Ne3 44. Ke2 Kg3 45. Ne4+ Kg2 46. c5 bxc5 47. Nxc5 h4 48. Nd3 Kg3 0-1

[Event "Baden-ch op"]
[Site "Walldorf"]
[Date "2017.07.29"]
[Round "7"]
[White "Maehrlein, Christoph"]
[Black "Buschle, Lukas"]
[Result "0-1"]
[WhiteElo "2039"]
[BlackElo "2071"]
[PlyCount "68"]
[EventDate "2017.07.26"]
[EventType "swiss"]
[EventRounds "7"]
[EventCountry "GER"]
[SourceTitle "CBM 179 Extra"]
[Source "ChessBase"]
[SourceDate "2017.08.23"]
[SourceVersion "1"]
[SourceVersionDate "2017.08.23"]
[SourceQuality "1"]

1. c4 c5 2. Nc3 Nc6 3. g3 g6 4. Bg2 Bg7 5. Nf3 d6 6. 0-0 e5 7. d3 Nge7 8. a3 0-0 9. Rb1 a5 10. Ne1 Be6 11. Nc2 d5 12. cxd5 Nxd5 13. e4 Nc7 14. b4 cxb4 15. axb4 b6 16. Be3 Nd4 17. Bxd4 exd4 18. Ne2 a4 19. Na3 b5 20. Qd2 Qd7 21. f4 Rac8 22. f5 gxf5 23. Nf4 fxe4 24. Bxe4 f5 25. Bb7 Rb8 26. Qg2 Bb3 27. Rbc1 Ne6 28. Bc6 Nxf4 29. Bxd7 Nxg2 30. Kxg2 Rf7 31. Bxf5 Bf8 32. Nc2 Bh6 33. Rce1 Rxf5 34. Rxf5 Bxc2 0-1

[Event "Vellmar op 8th"]
[Site "Vellmar"]
[Date "2016.07.31"]
[Round "6"]
[White "Langjahr, Marius"]
[Black "Buschle, Lukas"]
[Result "1/2-1/2"]
[WhiteElo "1812"]
[BlackElo "2042"]
[PlyCount "44"]
[EventDate "2016.07.28"]
[EventType "swiss"]
[EventRounds "7"]
[EventCountry "GER"]
[SourceTitle "CBM 173 Extra"]
[Source "ChessBase"]
[SourceDate "2016.08.29"]
[SourceVersion "1"]
[SourceVersionDate "2016.08.29"]
[SourceQuality "1"]

1. d4 Nf6 2. c4 e6 3. Nf3 Bb4+ 4. Bd2 Qe7 5. Nc3 0-0 6. e3 b6 7. Bd3 Bb7 8. 0-0 d6 9. a3 Bxc3 10. Bxc3 Ne4 11. Nd2 Nxc3 12. bxc3 Nd7 13. f3 e5 14. Re1 Rfe8 15. Be4 Bxe4 16. Nxe4 f5 17. Nf2 g6 18. e4 f4 19. Qb3 Kg7 20. Red1 g5 21. Nd3 a5 22. Qb5 Red8 1/2-1/2

[Event "Vellmar op 8th"]
[Site "Vellmar"]
[Date "2016.07.30"]
[Round "4"]
[White "Lutz, Ruben"]
[Black "Buschle, Lukas"]
[Result "1/2-1/2"]
[WhiteElo "1733"]
[BlackElo "2042"]
[PlyCount "92"]
[EventDate "2016.07.28"]
[EventType "swiss"]
[EventRounds "7"]
[EventCountry "GER"]
[SourceTitle "CBM 173 Extra"]
[Source "ChessBase"]
[SourceDate "2016.08.29"]
[SourceVersion "1"]
[SourceVersionDate "2016.08.29"]
[SourceQuality "1"]

1. d4 Nf6 2. Nf3 e6 3. Bg5 d5 4. e3 Be7 5. c3 0-0 6. Nbd2 b6 7. Bd3 Bb7 8. 0-0 Nbd7 9. Qe2 Ne4 10. Bxe7 Qxe7 11. Ne5 Nxe5 12. dxe5 Nxd2 13. Qxd2 Rfd8 14. Rad1 c5 15. Qe2 g6 16. Bb1 a5 17. f4 Ba6 18. Bd3 Bxd3 19. Qxd3 Rd7 20. Rf2 c4 21. Qd4 Qc5 22. Rfd2 Qxd4 23. exd4 h5 24. g4 hxg4 25. Rg2 Kg7 26. Rxg4 b5 27. Rf1 Kf8 28. h4 Ke7 29. h5 gxh5 30. Rg5 Rdd8 31. Rxh5 Rg8+ 32. Kf2 Rh8 33. Rfh1 Rxh5 34. Rxh5 b4 35. f5 exf5 36. Rxf5 bxc3 37. bxc3 Ra6 38. Ke3 a4 39. Kd2 a3 40. Kc1 Rh6 41. Rf1 Rh2 42. Rf6 Rxa2 43. Ra6 Ra1+ 44. Kc2 Ra2+ 45. Kc1 Ra1+ 46. Kc2 Kf8 1/2-1/2

[Event "Wuerttemberg-ch KT"]
[Site "Illertissen"]
[Date "2012.09.01"]
[Round "8"]
[White "Jooss, Achim"]
[Black "Buschle, Lukas"]
[Result "0-1"]
[WhiteElo "1735"]
[BlackElo "1971"]
[PlyCount "30"]
[EventDate "2012.08.25"]
[EventType "swiss"]
[EventRounds "9"]
[EventCountry "GER"]
[SourceTitle "EXT 2017"]
[Source "ChessBase"]
[SourceDate "2016.10.25"]
[SourceVersion "1"]
[SourceVersionDate "2016.10.25"]
[SourceQuality "1"]

1. c4 g6 2. Nc3 Bg7 3. d4 Nf6 4. e4 d6 5. Be3 0-0 6. Be2 e5 7. d5 Nbd7 8. f4 exf4 9. Bxf4 Qe8 10. Qc2 Nc5 11. Nb5 Qe7 12. Nf3 a6 13. Nbd4 Qxe4 14. 0-0 Qxf4 15. b4 Ng4 0-1

[Event "Wuerttemberg-ch KT"]
[Site "Illertissen"]
[Date "2012.08.25"]
[Round "1"]
[White "Toelg, Wolfgang"]
[Black "Buschle, Lukas"]
[Result "0-1"]
[WhiteElo "1771"]
[BlackElo "1971"]
[PlyCount "82"]
[EventDate "2012.08.25"]
[EventType "swiss"]
[EventRounds "9"]
[EventCountry "GER"]
[SourceTitle "EXT 2017"]
[Source "ChessBase"]
[SourceDate "2016.10.25"]
[SourceVersion "1"]
[SourceVersionDate "2016.10.25"]
[SourceQuality "1"]

1. e4 c5 2. Nf3 d6 3. d4 cxd4 4. Nxd4 Nf6 5. Nc3 a6 6. a4 e5 7. Nb3 Be6 8. Be2 Be7 9. 0-0 0-0 10. f4 exf4 11. Bxf4 d5 12. e5 Ne4 13. Qd4 Nc6 14. Qd1 Qb6+ 15. Kh1 Nf2+ 16. Rxf2 Qxf2 17. Qd2 Rad8 18. Be3 Qf5 19. Nd4 Nxd4 20. Bxd4 Bg5 21. Qd3 Qxd3 22. Bxd3 f6 23. Re1 fxe5 24. Bxe5 Bf5 25. Bxf5 Rxf5 26. Bd4 Bf6 27. Bxf6 Rxf6 28. Kg1 Kf7 29. g3 Re6 30. Rf1+ Ke7 31. Rd1 d4 32. Nb1 Re2 33. Na3 d3 34. cxd3 Rxb2 35. Nc4 Rb4 36. Na5 Rd5 37. Nc4 Rd8 38. Na5 Rdd4 39. h4 Kd7 40. Kf2 Rd5 41. Nc4 Rxc4 0-1

[Event "Esslingen op-A 1st"]
[Site "Esslingen"]
[Date "2012.06.07"]
[Round "1.6"]
[White "Buschle, Lukas"]
[Black "Gheng, Josef"]
[Result "0-1"]
[WhiteElo "1942"]
[BlackElo "2334"]
[PlyCount "114"]
[EventDate "2012.06.07"]
[EventType "swiss"]
[EventRounds "7"]
[EventCountry "GER"]
[SourceTitle "EXT 2015"]
[Source "ChessBase"]
[SourceDate "2014.11.20"]
[SourceVersion "1"]
[SourceVersionDate "2014.11.20"]
[SourceQuality "1"]

1. d4 Nf6 2. c4 g6 3. Nc3 d5 4. Bf4 Bg7 5. e3 0-0 6. Nf3 c5 7. dxc5 Qa5 8. Rc1 dxc4 9. Bxc4 Nc6 10. 0-0 Qxc5 11. Bb3 Qh5 12. Nd5 Bg4 13. Rxc6 bxc6 14. Nxe7+ Kh8 15. Nxc6 Ne4 16. Qd5 Qxd5 17. Bxd5 Nf6 18. e4 Nxd5 19. exd5 Bxb2 20. Rb1 Bf6 21. Nfe5 Bc8 22. d6 Be6 23. Rd1 Bxe5 24. Bxe5+ f6 25. Ba1 Bd7 26. Ne7 Kg7 27. Nd5 Rac8 28. h3 Rc6 29. Ne7 Ra6 30. g4 Kf7 31. Bc3 Rb8 32. g5 Rbb6 33. Bxf6 Rxd6 34. Rc1 Bxh3 35. Rc4 Rxa2 36. Rh4 Rd1+ 37. Kh2 Bf5 38. Nxf5 Rxf2+ 39. Kg3 Rxf5 40. Rxh7+ Ke6 41. Re7+ Kd6 42. Rxa7 Rb5 43. Ra3 Rbd5 44. Re3 R5d3 45. Rxd3+ Rxd3+ 46. Kf4 Ke6 47. Ke4 Ra3 48. Kf4 Ra4+ 49. Kf3 Kf5 50. Be7 Rf4+ 51. Kg3 Re4 52. Bd8 Re3+ 53. Kf2 Rd3 54. Bf6 Kf4 55. Kg2 Rd2+ 56. Kf1 Kf3 57. Ke1 Rd5 0-1

[Event "Wuerttemberg-ch KT"]
[Site "Lauffen am Neckar"]
[Date "2011.09.01"]
[Round "6"]
[White "Bissbort, Julian"]
[Black "Buschle, Lukas"]
[Result "1-0"]
[WhiteElo "2043"]
[BlackElo "1748"]
[PlyCount "71"]
[EventDate "2011.08.26"]
[EventType "swiss"]
[EventRounds "9"]
[EventCountry "GER"]
[SourceTitle "EXT 2017"]
[Source "ChessBase"]
[SourceDate "2016.10.25"]
[SourceVersion "1"]
[SourceVersionDate "2016.10.25"]
[SourceQuality "1"]

1. e4 c5 2. c3 Nf6 3. e5 Nd5 4. d4 cxd4 5. Nf3 Nc6 6. cxd4 e6 7. Bc4 Nb6 8. Bd3 Nb4 9. Nc3 Nxd3+ 10. Qxd3 Be7 11. Bf4 d6 12. Rc1 dxe5 13. Nxe5 0-0 14. Qg3 Kh8 15. 0-0 Bd7 16. Rfd1 Bc6 17. Nxc6 bxc6 18. Ne4 Qd7 19. Be5 f6 20. Nc5 Bxc5 21. dxc5 Nd5 22. Bd6 Rf7 23. Rd3 e5 24. Rcd1 Qb7 25. R3d2 Qa6 26. a3 Nf4 27. Qg4 Qc8 28. Qf3 Rb7 29. h4 a5 30. Qe4 a4 31. Kh2 Rb3 32. Be7 Rh3+ 33. Kg1 Rxh4 34. Qf5 g6 35. Qxf6+ Kg8 36. Qxh4 1-0

[Event "Wuerttemberg-ch KT"]
[Site "Lauffen am Neckar"]
[Date "2011.08.31"]
[Round "5"]
[White "Kracke, Moritz"]
[Black "Buschle, Lukas"]
[Result "1-0"]
[WhiteElo "2095"]
[BlackElo "1748"]
[PlyCount "73"]
[EventDate "2011.08.26"]
[EventType "swiss"]
[EventRounds "9"]
[EventCountry "GER"]
[SourceTitle "EXT 2017"]
[Source "ChessBase"]
[SourceDate "2016.10.25"]
[SourceVersion "1"]
[SourceVersionDate "2016.10.25"]
[SourceQuality "1"]

1. e4 c5 2. Nf3 d6 3. d4 cxd4 4. Nxd4 Nf6 5. Nc3 a6 6. Bc4 e5 7. Nf5 Bxf5 8. exf5 Qc8 9. Qd3 Be7 10. Bb3 Nbd7 11. Bg5 Nc5 12. Qh3 Nxb3 13. cxb3 Qc5 14. Rd1 0-0 15. 0-0 Rfd8 16. Bxf6 Bxf6 17. Rd5 Qb4 18. Rfd1 h6 19. Qd3 Qf4 20. g3 Qg4 21. Kg2 Be7 22. h3 Qb4 23. Ne4 Rac8 24. Qe3 Rc6 25. f6 Bxf6 26. a3 Qb6 27. Nxf6+ gxf6 28. Qxh6 Re8 29. Qxf6 Re6 30. Qf3 e4 31. Rg5+ Kf8 32. Qg4 Rc2 33. Rg8+ Ke7 34. Qh4+ Kd7 35. Qf4 Ke7 36. Rg7 Rf6 37. Qxe4+ 1-0

[Event "Wuerttemberg-ch KT"]
[Site "Lauffen am Neckar"]
[Date "2011.08.30"]
[Round "4"]
[White "Buschle, Lukas"]
[Black "Schuster, Gerhard"]
[Result "1-0"]
[WhiteElo "1748"]
[BlackElo "2004"]
[PlyCount "134"]
[EventDate "2011.08.26"]
[EventType "swiss"]
[EventRounds "9"]
[EventCountry "GER"]
[SourceTitle "EXT 2017"]
[Source "ChessBase"]
[SourceDate "2016.10.25"]
[SourceVersion "1"]
[SourceVersionDate "2016.10.25"]
[SourceQuality "1"]

1. c4 e5 2. g3 Nf6 3. Bg2 Nc6 4. Nc3 Bb4 5. Nd5 Bc5 6. e3 0-0 7. Ne2 Nxd5 8. cxd5 Ne7 9. 0-0 d6 10. d4 exd4 11. Nxd4 Bd7 12. a3 a5 13. Qd3 Qc8 14. Bd2 Bh3 15. b4 Bxg2 16. Kxg2 Bb6 17. Nb5 Qd7 18. Rfc1 axb4 19. Bxb4 Rfc8 20. a4 Ng6 21. f4 Qg4 22. Kh1 h5 23. Qd1 Qd7 24. e4 h4 25. Kg2 Ba5 26. Bxa5 Rxa5 27. Rc4 c6 28. dxc6 Rxc6 29. Rac1 h3+ 30. Kf1 Ra8 31. Rxc6 bxc6 32. Qxd6 Qg4 33. Nd4 Rxa4 34. Kf2 Ra2+ 35. Rc2 Rxc2+ 36. Nxc2 Qc8 37. Kf3 Qa8 38. Ne3 Qa4 39. Qb8+ Kh7 40. Qc7 Qb5 41. Qxf7 Qh5+ 42. Kf2 Qa5 43. Qc4 Qd2+ 44. Qe2 Qxe2+ 45. Kxe2 Kg8 46. Nd1 Nf8 47. Nf2 Ne6 48. Nxh3 Nd4+ 49. Ke3 c5 50. Nf2 Kf7 51. Nd3 Nb3 52. f5 Kf6 53. Kf4 c4 54. e5+ Ke7 55. Nb4 Nd2 56. g4 Kf7 57. h4 Nb1 58. Nc2 c3 59. g5 Nd2 60. h5 Nc4 61. h6 gxh6 62. gxh6 Kg8 63. e6 Kh7 64. e7 Nd6 65. Ke5 Ne8 66. f6 Kg8 67. h7+ Kxh7 1-0

[Event "Wuerttemberg-ch KT"]
[Site "Stuttgart"]
[Date "2010.09.01"]
[Round "5"]
[White "Buschle, Lukas"]
[Black "Hamm, Lukas"]
[Result "1/2-1/2"]
[WhiteElo "1739"]
[BlackElo "1777"]
[PlyCount "53"]
[EventDate "2010.08.28"]
[EventType "swiss"]
[EventRounds "9"]
[EventCountry "GER"]
[SourceTitle "EXT 2017"]
[Source "ChessBase"]
[SourceDate "2016.10.25"]
[SourceVersion "1"]
[SourceVersionDate "2016.10.25"]
[SourceQuality "1"]

1. d4 d5 2. c4 e6 3. Nc3 Nf6 4. cxd5 exd5 5. Bg5 c6 6. e3 Be7 7. Bd3 Nbd7 8. Nf3 0-0 9. Qc2 Re8 10. 0-0-0 b5 11. Ne5 Nxe5 12. dxe5 Nd7 13. Bxh7+ Kf8 14. Bf4 Bb4 15. Rd4 a5 16. e4 Bc5 17. e6 Rxe6 18. exd5 cxd5 19. Rxd5 Bb7 20. Rh5 Nf6 21. Rxc5 Qd4 22. Rxb5 Qxf4+ 23. Kb1 Bxg2 24. Rc1 Rae8 25. a3 Nxh7 26. Qxh7 Rh6 27. Qf5 1/2-1/2